000 00371nam a22001577a 4500
003 MPLRDC
005 20220104123546.0
008 210129b ||||| |||| 00| 0 eng d
082 _a411.3 LHQ
100 _a林怀卿编著
245 _a贫血患者食谱
_c
260 _a
_b华安出版社
_c
300 _b
650 _a营养与食品
942 _cBK
_o411.3 LHQ
999 _c12370
_d12360